书目信息 |
| 题名: |
马克思的解放思想及其当代价值
|
|
| 作者: | 张端 著 | |
| 分册: | ||
| 出版信息: | 北京 中国社会科学出版社 2018.04 |
|
| 页数: | 208页 | |
| 开本: | 24cm | |
| 丛书名: | 中国社会科学院马克思主义理论学科建设与理论研究工程系列丛书 | |
| 单 册: | ||
| 中图分类: | D61 | |
| 科图分类: | ||
| 主题词: | 马克思主义--ma ke si zhu yi--发展--研究--中国 | |
| 电子资源: | ||
| ISBN: | 978-7-5203-2360-4 | |
| 000 | 01501nam 2200277 450 | |
| 001 | 202021192931 | |
| 005 | 20211025120124.0 | |
| 010 | @a978-7-5203-2360-4@dCNY59.00 | |
| 100 | @a20210927d2018 em y0chiy50 ea | |
| 101 | 0 | @achi |
| 102 | @aCN@b110000 | |
| 105 | @ay a 000yy | |
| 106 | @ar | |
| 200 | 1 | @a马克思的解放思想及其当代价值@Ama ke si de jie fang si xiang ji qi dang dai jia zhi@f张端著 |
| 210 | @a北京@c中国社会科学出版社@d2018.04 | |
| 215 | @a208页@d24cm | |
| 225 | 2 | @a中国社会科学院马克思主义理论学科建设与理论研究工程系列丛书@Azhong guo she hui ke xue yuan ma ke si zhu yi li lun xue ke jian she yu li lun yan jiu gong cheng xi lie cong shu |
| 314 | @a张端, 现工作于中国社会科学院马克思主义研究院。 | |
| 320 | @a有书目 | |
| 330 | @a本书从马克思的文本研究入手, 通过对马克思在各个时期代表性文本的解读, 来探究其解放思想的原初意义, 并在历史与逻辑相结合的基础上, 提出马克思解放理论的主要内容, 是以无产阶级的解放为立足点, 以政治解放、经济解放、文化解放及其人的解放为逻辑环节, 以唯物史观和剩余价值规律为理论基础的理论体系, 在研读马克思解放思想的历史演进轨迹及其理论体系的基础上, 作者追踪了马克思解放思想在西方马克思主义理论中的进一步深化, 同时结合实践经验, 指出中国特色社会主义是马克思的解放思想的当代实践形态。 | |
| 410 | 0 | @12001 @a中国社会科学院马克思主义理论学科建设与理论研究工程系列丛书 |
| 606 | 0 | @a马克思主义@Ama ke si zhu yi@x发展@x研究@y中国 |
| 690 | @aD61@v5 | |
| 701 | 0 | @a张端@Azhang duan@4著 |
| 801 | 0 | @aCN@c20210909 |
| 905 | @a河南城建学院图书馆@dD61@eZ095 | |
| 马克思的解放思想及其当代价值/张端著.-北京:中国社会科学出版社,2018.04 |
| 208页;24cm.-(中国社会科学院马克思主义理论学科建设与理论研究工程系列丛书) |
| ISBN 978-7-5203-2360-4:CNY59.00 |
| 本书从马克思的文本研究入手, 通过对马克思在各个时期代表性文本的解读, 来探究其解放思想的原初意义, 并在历史与逻辑相结合的基础上, 提出马克思解放理论的主要内容, 是以无产阶级的解放为立足点, 以政治解放、经济解放、文化解放及其人的解放为逻辑环节, 以唯物史观和剩余价值规律为理论基础的理论体系, 在研读马克思解放思想的历史演进轨迹及其理论体系的基础上, 作者追踪了马克思解放思想在西方马克思主义理论中的进一步深化, 同时结合实践经验, 指出中国特色社会主义是马克思的解放思想的当代实践形态。 |
| ● |
| 相关链接 |
|
|
|
正题名:马克思的解放思想及其当代价值
索取号:D61/Z095
 
预约/预借
| 序号 | 登录号 | 条形码 | 馆藏地/架位号 | 状态 | 备注 |
| 1 | 1539963 | 215399637 | 社科库509/509社科库 72排2列1层/ [索取号:D61/Z095] | 在馆 | |
| 2 | 1539964 | 215399646 | 社科库509/509社科库 72排2列1层/ [索取号:D61/Z095] | 在馆 |